| 000 | 00922nam a22003017a 4500 | ||
|---|---|---|---|
| 001 | BR7808056 | ||
| 003 | BR-BrBNA | ||
| 005 | 20230928085852.0 | ||
| 007 | ta | ||
| 008 | 230509b bl.||||| |||| 00| 0 por d | ||
| 040 |
_aBR-BrBNA _bpor _cBiblioteca Nacional de Agricultura |
||
| 041 | _a(Por) | ||
| 072 |
_aN20 _b4500 _b/G514 |
||
| 090 | _ 4500 BR7808056 | ||
| 100 | 1 | _aMelo, M.T. de | |
| 110 | 1 |
_aComissao Estadual de Planejamento Agricola de Minas Gerais, Belo Horizonte (Brasil) _92031 |
|
| 245 | 1 | _aUtilizacao de tratores de quatro rodas e colhedeiras automotrizes em Minas Gerais | |
| 260 | 3 |
_aBelo Horizonte, MG (Brasil): _c[nd]. |
|
| 300 | _avp. | ||
| 500 | _a28 tables; Published after 1977 [ca 30]p. | ||
| 650 | _aEQUIPAMENTO RURAL | ||
| 650 | _aMAQUINA AGRICOLA | ||
| 650 | _aTRATOR | ||
| 650 | _aCOLHEITADEIRA | ||
| 650 | _aMINAS GERAIS | ||
| 909 |
_a202309 _bLucia _c55 _dLucia Elande |
||
| 942 | _cBK | ||
| 999 |
_c26777 _d26777 |
||